000 00259nam a22001217a 4500
041 _aENG
100 _aSolutions D
245 _aPrevious Papers IBPS
260 _aDelhi
_bBSC
_c1992
300 _a62
650 _aCompetitive (47)
856 _uCompetitive (47)
999 _c3057
_d3057